अभोगी (Record no. 307249)
[ view plain ]
| 000 -LEADER | |
|---|---|
| fixed length control field | 00422nam a2200157Ia 4500 |
| 008 - FIXED-LENGTH DATA ELEMENTS--GENERAL INFORMATION | |
| fixed length control field | 090711s9999 xx 000 0 und d |
| 082 ## - DEWEY DECIMAL CLASSIFICATION NUMBER | |
| Item number | 90075 |
| 100 ## - MAIN ENTRY--PERSONAL NAME | |
| Personal name | काळे श्रीपाद |
| 245 ## - TITLE STATEMENT | |
| Title | अभोगी |
| 300 ## - PHYSICAL DESCRIPTION | |
| Extent | 118 |
| 600 ## - SUBJECT ADDED ENTRY--PERSONAL NAME | |
| Personal name | काळे श्रीपाद |
| 630 ## - SUBJECT ADDED ENTRY--UNIFORM TITLE | |
| Uniform title | अभोगी |
| 700 ## - ADDED ENTRY--PERSONAL NAME | |
| Personal name | काळे श्रीपाद |
| 730 ## - ADDED ENTRY--UNIFORM TITLE | |
| Uniform title | अभोगी |
| 942 ## - ADDED ENTRY ELEMENTS (KOHA) | |
| Koha item type | Book |
No items available.